Die 68 bekanntesten deutschen Filmregisseure - Statistiken

Allgemein
  • Dieses Quiz wurde 18 mal gespielt
  • Das Durchschnittsergebnis liegt bei 10 aus 68
Antwortstatistiken
Bsp. Film(e) | Serie(n) Regisseur /-in % Korrekt
🔸Zweiohrküken🔸Manta Manta Til Schweiger
94%
🔸Studie 23🔸Das Schweigen des Dichters Peter Lilienthal
65%
🔸Independence Day🔸Der Patriot Roland Emmerich
65%
🔸Querelle🔸Liebe ist kälter als der Tod Rainer Werner Fassbinder
59%
🔸Halbblut🔸1 000 Augen des Dr. Mabuse Fritz Lang
47%
🔸Der bewegte Mann🔸Das Wunder von Bern Sönke Wortmann
47%
🔸Lola rennt🔸Das Parfum Tom Tykwer
47%
🔸Tatort - Reihe🔸Das Boot Wolfgang Petersen
47%
🔸Das Leben der Anderen🔸The Tourist Florian Henckelvon Donnersmarck
41%
🔸Summer in the City🔸Perfect Days Wim Wenders
35%
🔸Mein alter Freund Fritz🔸Kampf der Tiger Dieter Wedel
29%
🔸Kirschblüten - Hanami🔸Grüße aus Fukushima Doris Dörrie
29%
🔸Zettl🔸Vom Suchen & Finden der Liebe Helmut Dietl
29%
🔸Lebenszeichen🔸Salt & Fire Werner Herzog
29%
🔸Wolke 9🔸Gundermann Andreas Dresen
24%
🔸Bibi & Tina - Reihe🔸German Genius Detlev Buck
24%
🔸Rheingold🔸Der Goldene Handschuh Fatih Akin
24%
🔸Teufelsmädel🔸Unser täglich Brot Friedrich - Wilhelm Murnau
24%
🔸Abschied von gestern🔸Happy Lamento Alexander Kluge
18%
🔸Nirgendwo in Afrika🔸Pünktchen & Anton Caroline Link
18%
🔸Die Blechtrommel🔸Der namenlose Tag Volker Schlöndorff
18%
🔸Egomania - Insel ohne Hoffnung 🔸Die 120 Tage von Bottrop Christoph Schlingensief
12%
🔸Der Apfel ist ab🔸Die Feuerzangenbowle Helmut Käutner
12%
🔸Furioso🔸13 unter einem Hut Johannes Meyer
12%
🔸Das blaue Licht🔸Triumph des Willens Leni Riefenstahl
12%
🔸Toni Erdmann🔸Alle anderen Maren Ade
12%
🔸Bachmann & Frisch🔸Mit 50 küssen Männer anders Margarethe von Trotta
12%
🔸Die besten Jahre unseres Lebens🔸Ben Hur William Wyler
12%
🔸Schmutziger Engel🔸Die Schwarzwaldklinik Alfred Vohrer
6%
🔸Nicht von schlechten Eltern🔸Auf einmal war es Liebe André Erkau
6%
🔸Die unendliche Geschichte🔸Der bewegte Mann Bernd Eichinger
6%
🔸Cuba Libre🔸Polizeiruf 110 - Reihe Christian Petzold
6%
🔸Der letzte Akkord🔸In den Wind geschrieben Douglas Sirk | Detlef Sierck
6%
🔸Im Westen nichts neues🔸Your Honor Edward Berger
6%
🔸Die lustige Witwe🔸Rendezvous nach Ladenschluß Ernst Lubitsch
6%
🔸Kabale & Liebe🔸Die Botschafterin Harald Braun
6%
🔸Der Rächer🔸Der kühne Schwimmer Karl Anton
6%
🔸Das fliegende Klassenzimmer🔸Die Ehe des Herrn Mississippi Kurt Hoffmann
6%
🔸Liebling, wir haben geerbt!🔸2 unter Millionen Matthias Tiefenbacher
6%
🔸Die Wache tritt ans Gewehr🔸Das boxende Känguruh Max Skladanowsky
6%
🔸Ein Tag zum Kämpfen🔸Menschen am Sonntag Robert Siodmak
6%
🔸Rosemaries Tochter🔸Undine 74 Rolf Thiele
6%
🔸Krach im Hinterhaus🔸Ich werde dich auf Händen tragen Veit Harlan
6%
🔸Die Nibelungen🔸Die Frau in Weiß Wilhelm Semmelroth
6%
🔸Die Geschichte vom kleinen Muck🔸Der eiserne Weg Wolfgang Staudte
6%
🔸Türkisch für Anfänger🔸Fack ju Göthe - Reihe Bora Dagtekin
0%
🔸Vater macht Karriere🔸Die spanische Fliege Carl Boese
0%
🔸Oderbruch🔸Ze Network Christian Alvart
0%
🔸3 gegen 3🔸Mein Falke Dominik Graf
0%
🔸Heimat - Reihe🔸Geschichten vom Kübelkind Edgar Reitz
0%
🔸Geschwader Fledermaus🔸Der Maulkorb Erich Engel
0%
🔸Im Namen einer Mutter🔸Kirschen in Nachbars Garten Erich Engels
0%
🔸Prinzessin Turandot🔸Die Geliebte Gerhard Lamprecht
0%
🔸Wenn die Heide blüht🔸Der Schimmelreiter Hans Deppe
0%
🔸Lindenstraße🔸In der Welt habt ihr Angst Hans Wilhelm Max Geißendörfer
0%
🔸Gesprengte Gitter🔸Das schwarze Kuvert Harry Piel
0%
🔸Schluss mit lustig🔸Dreiraumwohnung Isabel Kleefeld
0%
🔸Die Fliege🔸Lederstrumpf: Der Wildtöter Kurt Neumann
0%
🔸Enfant Terrible🔸Gentleman Oskar Roehler
0%
🔸Dornröschen🔸Die letzte Warnung Paul Leni
0%
🔸Unter Ausschluß der Öffentlichkeit🔸Der Yoghi Paul Wegener
0%
🔸Mahler auf der Couch🔸Die Straußkiste Percy Adlon
0%
🔸Und wer nimmt den Hund?🔸Der Polizist & das Mädchen Rainer Kaufmann
0%
🔸So ein Flegel🔸Der Fall Rohrbach Robert A. Stemmle
0%
🔸Darkroom - Tödliche Tropfen🔸Die Jungs vom Bahnhof Zoo Rosa von Praunheim
0%
🔸Supergirl - Das Mädchen von den Sternen Rudolf Thome
0%
🔸Christiane F. - Wir Kinder vom Bahnhof Zoo Uli Edel
0%
🔸Der Mustergatte🔸Das chinesische Wunder Wolfgang Liebeneiner
0%
Keine übereinstimmenden Quizze gefunden
Verteilung der Resultate
Anzahl Personen mit jedem Resultat
Perzentil nach korrekt beantworteten Fragen
Ihre Resultats-Entwicklung
Sie haben dieses Quiz noch nicht gespielt